Pursuing the good life in a time of precarity: dilemmas of global feminism /
El contexto actual se encuentra "estructurado por la desigualdad, la explotación y las formas de eliminación" (Butler 2012). Este contexto es, de hecho, global, debido a que el capital y sus crisis recurrentes son de naturaleza y alcance globales, entonces una respuesta progresiva, especia...
Збережено в:
| Автор: | |
|---|---|
| Формат: | Книга |
| Мова: | English |
| Предмети: | |
| Теги: |
Додати тег
Немає тегів, Будьте першим, хто поставить тег для цього запису!
|
MARC
| LEADER | 00000nam a22000007a 4500 | ||
|---|---|---|---|
| 003 | cru CIDCACS/IIS | ||
| 005 | 20220420110707.0 | ||
| 007 | ta | ||
| 008 | 180906s2018 -uk|||p|r||||||0| ||eng | | ||
| 040 | |c cru CIDCACS/IIS | ||
| 100 | 1 | |a Razavi, Shahra |9 7645 | |
| 245 | 1 | |a Pursuing the good life in a time of precarity: |b dilemmas of global feminism / |c Shahra Razavi | |
| 300 | |a páginas 27-33 | ||
| 520 | |a El contexto actual se encuentra "estructurado por la desigualdad, la explotación y las formas de eliminación" (Butler 2012). Este contexto es, de hecho, global, debido a que el capital y sus crisis recurrentes son de naturaleza y alcance globales, entonces una respuesta progresiva, especialmente desde el punto de vista de la periferia global, no puede limitarse a los esfuerzos nacionales para proteger a las personas de los caprichos de los mercados sub-regulados. Sin embargo, las ideas acerca de las políticas sociales y económicas deseables llevadas a cabo por las organizaciones internacionales y los estados miembros en foros globales están lejos de establecerse, y se han descrito como una "guerra de posición" (Deacon 2007). Entonces, ¿cuáles son los contornos de la buena vida y en qué tipo de política global pueden participar las feministas para crear una poderosa contra-narrativa de los discursos hegemónicos actuales de extracción, exclusión y división? | ||
| 650 | 0 | |9 2345 |a SEGURIDAD | |
| 650 | 0 | |9 913 |a VIDA | |
| 650 | 0 | |9 964 |a GENERO | |
| 650 | 0 | |9 88 |a MUJERES | |
| 650 | 0 | |9 1034 |a XENOFOBIA | |
| 650 | 0 | |9 299 |a MIGRACION | |
| 650 | 0 | |9 91 |a FAMILIA | |
| 650 | 0 | |a RELACIONES DE GENERO |9 2808 | |
| 650 | 0 | |9 86 |a DISCRIMINACION BASADA EN EL GENERO | |
| 773 | 0 | |0 40836 |9 2236 |d Reino Unido : Oxford University Press |o 18776 |t Social Politics: |x 10724745 | |
| 942 | |2 ddc |c PP | ||
| 999 | |c 41648 |d 41648 | ||
